| 000 | 01015nam a2200325 a 4500 | ||
|---|---|---|---|
| 999 |
_c1248 _d1248 |
||
| 001 | 015478965 | ||
| 003 | UkOxU | ||
| 005 | 20210624112121.0 | ||
| 008 | 030130s2002 enka 001 0 eng | ||
| 015 | _abA2Y8333 | ||
| 020 | _a0619063092 | ||
| 035 | _a(UkLCURL)810619063092 | ||
| 040 |
_aBDS _cALUPE UNIVERSITY |
||
| 049 | _lb | ||
| 050 |
_aQA404 _bS3516 2002 |
||
| 082 | 1 | 4 |
_a004.21 _221 |
| 100 | 1 | _aSatzinger, John W. | |
| 245 | 1 | 0 |
_aSystems analysis and design in a changing world / _cJohn W. Satzinger, Robert B. Jackson, Stephen D. Burd. |
| 250 | _a2nd ed. | ||
| 260 |
_aBoston, Mass. : _bCourse Technology, _cc2002. |
||
| 300 |
_axxiv, 704 p. : _bcol. ill. ; _c29 cm. |
||
| 504 | _aIncludes bibliographical references and index. | ||
| 650 | 0 | 0 | _aSystem analysis. |
| 650 | 0 | 0 | _aSystem design. |
| 700 | 1 |
_aJackson, Robert B., _d1942- |
|
| 700 | 1 | _aBurd, Stephen D. | |
| 942 |
_2lcc _cBK _nJE |
||